LEADER 00990nam a2200265 i 4500 001 991001958259707536 005 20020507154452.0 008 011023s2001 it ||| | ita 020 $a8821707539 035 $ab11588810-39ule_inst 035 $aLE02728069$9ExL 040 $aDip.to Studi Giuridici$bita 082 0 $a346.4501660269 100 1 $aBonavolontà, Luigi$0257977 245 10$aFormulario della separazione personale dei coniugi e del divorzio /$cLuigi Bonavolontà 260 $a[Milanofiori, Assago] :$bIPSOA,$c[2001] 300 $axx, 587 p. ;$c24 cm. 650 4$aDivorzio 650 4$aSeparazione coniugale 907 $a.b11588810$b02-04-14$c02-07-02 912 $a991001958259707536 945 $aLE027 346.45 BON01.01$g1$iLE027-9677$lle027$o-$pE0.00$q-$rl$s- $t0$u0$v0$w0$x0$y.i11798129$z02-07-02 996 $aFormulario della separazione personale dei coniugi e del divorzio$9896356 997 $aUNISALENTO 998 $ale027$b01-01-01$cm$da $e-$fita$git $h0$i1 LEADER 01353nam a2200313 a 4500 001 991001647799707536 008 020 $a8883340817 035 $ab12177222-39ule_inst 040 $aDip.to di filol. classica e di Scienze filosofiche $bita 082 04$a091 100 1 $aManiaci, Marilena$08813 245 10$aArcheologia del manoscritto :$bmetodi, problemi, bibliografia recente /$cMarilena Maniaci ; con contributi di Carlo Federici e di Ezio Ornato 260 $aRoma :$bViella, $c2002 300 $a292 p. ;$c21 cm. 440 2$aI libri di Viella ;$v34 504 $aBibliografia : p. 181-278 650 4$aManoscritto$xStudi 650 4$aCodicologia 700 1 $aFederici, Carlo$d<1948- > 700 1 $aOrnato, Ezio 907 $a.b12177222$b23-02-12$c28-05-03 912 $a991001647799707536 945 $aLE007 091 MAN 01.01 $g1$i2007000062913$lle007$o-$pE23.00$q-$rn$s- $t0$u2$v0$w2$x0$y.i12526514$z28-05-03 945 $aLE008 FL.M. XI D 28$g1$i2008000427047$lle008$o-$pE0.00$q-$rl$s- $t0$u13$v2$w13$x0$y.i1517220x$z17-09-10 945 $aLE002 Bibl. Ris. 237/4$g1$i2002000468642$lle002$op$pE23.00$q-$rn$so $t0$u0$v0$w0$x0$y.i14121608$z05-09-05 996 $aArcheologia del manoscritto$983964 997 $aUNISALENTO 998 $ale007$ale008$ale002$b28-05-03$cm$da $e-$fita$git $h0$i3